| 000 | 00522nam a22001817a 4500 | ||
|---|---|---|---|
| 005 | 20241011164303.0 | ||
| 010 | _aENG-142123 | ||
| 020 |
_a9789357943444 _c250.00 |
||
| 035 | _aEN-125655 | ||
| 037 | _bDBAD | ||
| 082 | _a320.54 | ||
| 100 |
_aTagore, Rabindranath _972767 |
||
| 245 |
_aNatioalism/ _cby Rabindranath Tagore |
||
| 260 |
_aNew Delhi _bV & S Publishers _c2024 |
||
| 270 |
_aF-2/16, Ansari Rd, Daryaganj, _bNew Delhi _e110002 |
||
| 300 |
_a82p.: _c21cm(pb) |
||
| 942 |
_2ddc _cEN _h320.54 _mTAG |
||
| 999 |
_c206366 _d206366 |
||